00754nam a2200217 i 450000100060000000300090000600500170001500700030003200800410003502000180007608000210009410000390011524500540015425000120020826000430022030000210026350500910028485200220037599900170039795201220041417629ES-MaACL20240131063027.0t|010411s2000 sp |||| | spa j a84-01-32833-0 a821.134.2-31"19"1 aReverte, Javier,d1944-202097835310aTrilogía de Centroamérica / cJavier Reverte. a1ª ed. aBarcelona : bPlaza & Janés, c2000. a600 p ; c24 cm.8 aContiene: Los dioses debajo de la lluvia ; El aroma del copal ; El hombre de la guerra aES-MaACLjL-24522 c17629d17629 00104070aATENEOMbATENEOMcDEPO2d2008-01-17eSCl0oL-24522p1017984r2023-02-23 00:00:00w2023-02-23yMONOGRAFIA